De A à Z - Culture générale - 1 - Statistiques

Statistiques générales
  • Ce quiz a été pris 159 fois
  • Le résultat moyen est 10 sur 26
Statistiques - réponses
Hint Question Réponse % Correct
U Planète du système solaire et titre de film français. Uranus
73%
K Montagne de Tanzanie Kilimandjaro
69%
Y Sorte de tente bien connue des mongols. Yourte
69%
O Chanteur et parolier français chauve. Obispo
66%
Z Chanteuse noble et héroïne de livre qui se promène dans le métro. Zazie
66%
B Fruit. Variété de pêches. Brugnon
63%
A Ville espagnole située au bord de la mer Méditerranée. Alicante
54%
X Gaz rare de numéro atomique 54. Xénon
54%
P Mollusque léger. Palourde
52%
W Nom d'un acteur américain et d'une ville américaine. Washington
52%
H Permet de se déplacer dans les airs et amerrir. Hydravion
46%
Q Ère géologique qui succède au Ternaire. Quaternaire
44%
R Film au thème préhistorique avec la troupe des Robins des Bois. RRRrrrr!!!
43%
E Organe mal des fleurs. Étamine
38%
V Capitale du Laos. Vientianne
36%
G Désigne un écrivain russe ou bien un fou. Gogol
35%
L Personne parlant le portugais. Lusophone
35%
M Station de ski française de Haute-Savoie. Megève
35%
S Surintendant des finances d'Henri IV et titre d'un film avec Tom Hanks. Sully
33%
I Iles grecques. Ioniennes
11%
J Empereur romain. Justinien
11%
T Fiancé de Falbala dans la bande dessinée Astérix Tragicomix
11%
C Maladie infectieuse. Coqueluche
9%
N Singe au très long nez. Nasic
7%
F Sorte de pâtes. Fettuccine
3%
D Roi achéménide et pharaon d'Égypte. Darius 1er
1%
Aucun quiz correspondant
Distribution des résultats
% des personnes avec chaque résultat
Percentile par nombre de réponses
Votre historique - résultats
Vous n’avez pas pris ce quiz